Statistics for downtown - Macklemore lyrics

Click here to take the quiz!

General Stats

  • This quiz has been taken 134 times
  • The average score is 303 of 500

Answer Stats

Answer% Correct
do
98%
A
97%
a
97%
i
97%
"i
97%
down
96%
M
95%
the
95%
to
95%
"yuck
93%
stuff
92%
downtown
91%
he
90%
you
90%
C
88%
K
87%
no
86%
your
86%
on
85%
what
85%
"what
85%
don't
84%
it
84%
it"
84%
store
84%
me
83%
me"
83%
we
83%
an
82%
moped
82%
said
81%
and
79%
got
79%
know
78%
not
78%
one
78%
up
78%
up,
78%
for
77%
like
77%
i'm
76%
im
76%
nothing
76%
went
76%
it's
75%
its
75%
too
75%
budget?"
74%
follow
74%
her
74%
of
74%
in
73%
what's
73%
that
72%
about
71%
hell
71%
"honestly
71%
need
71%
all
70%
is?"
70%
is
70%
deal
69%
mopeds"
68%
real
68%
street
68%
through
68%
cruising
67%
head
67%
oh
67%
wheels
67%
windshield
67%
two
66%
alley
64%
cash
64%
man
61%
ever
60%
that's
60%
girl
59%
tip
59%
as
58%
back
58%
my
58%
seat
58%
she
57%
good
56%
get
55%
hundred
55%
b-boy
54%
boy
54%
eight
54%
see
54%
with
54%
bank
53%
but
52%
out
51%
around
50%
gas
50%
going
50%
tank
50%
want
50%
keep
49%
mum
49%
so
49%
toeing
49%
salesmans
48%
ain't
47%
arms
47%
damn
47%
dope
47%
ill
47%
leather
47%
off
47%
stick
47%
wristband
47%
waist
46%
"who
46%
big
45%
crew
45%
has
45%
kit
45%
lick
45%
you're
45%
better
43%
between
43%
break
43%
can't
43%
face
43%
forget
43%
kat
43%
have
42%
legs
42%
safe
42%
seen
42%
yet
42%
beef
41%
everybody
41%
hair
41%
jeans
41%
mama
41%
mariah
41%
pass
41%
quick
41%
slick
41%
streets
41%
valley
41%
backstage
40%
bull
40%
carey
40%
embrace
40%
little
40%
bus
39%
catch
39%
until
39%
bad
38%
day
38%
or
38%
ride
38%
warm
38%
felt
37%
headed
37%
towards
37%
cab
36%
now
36%
pulled
36%
snuck
36%
1988
35%
bout
35%
game
35%
they
34%
uber
34%
yelling
34%
air
33%
side
33%
banana
32%
cut
32%
fish
32%
free
32%
mayonnaise
32%
mirror
32%
stop
32%
tear
32%
balance
31%
chromed
31%
god
31%
killing
31%
take
31%
tandem
31%
together
31%
water
31%
concrete
30%
french
30%
from
30%
still
30%
watch
30%
west
30%
whitewalls
30%
dancing
29%
pleather
29%
ski
29%
whole
29%
canopy
28%
run
28%
by
27%
could
27%
us
27%
dragging
26%
eagle
26%
harley
26%
low
26%
body
25%
dealership
25%
derriere
25%
ducati
25%
mean
25%
oxen
25%
pimp
25%
because
24%
hella
24%
player
24%
po-po
24%
throwing
24%
baby
23%
hello
23%
lands
23%
place
23%
skate
23%
stone
23%
wanna
23%
wasabi
23%
well
23%
bugattis
22%
very
22%
watching
22%
1987
21%
bullet
21%
ollie
21%
almost
20%
drop
20%
hey-ey-ey-ey
20%
lying
20%
rare
20%
mullet
19%
reprimand
19%
stance
19%
handstand
18%
scott
17%
stack
17%
alright
16%
birdman
16%
dally
16%
fourth
16%
pike
16%
washed
15%
cop
14%
dukie
14%
kawasaki
14%
khaled
14%
kickstand
14%
passed
14%
raw
14%
timbaland
13%
storch
12%
stunting
12%
perusing
11%
pend
7%
oreille
6%
own
5%
cajones
3%

Score Distribution

Percentile by Number Answered

Percent of People with Each Score

Your Score History

You have not taken this quiz